Perspectiva cultural del desarrollo infantil en las instituciones de protección (Record no. 181177)
[ view plain ]
| 000 -CABECERA | |
|---|---|
| campo de control de longitud fija | 01596nab a2200277 a 4500 |
| 005 - FECHA Y HORA DE LA ÚLTIMA TRANSACCIÓN | |
| campo de control | 20210219162707.0 |
| 008 - ELEMENTOS DE LONGITUD FIJA--INFORMACIÓN GENERAL | |
| campo de control de longitud fija | 991125s1985 mx 000 0 spa u |
| 035 ## - NÚMERO DE CONTROL DEL SISTEMA | |
| Número de control de sistema | UPN01000209076 |
| 049 ## - COLECCIÓN | |
| Colección | ART-E |
| 100 1# - ASIENTO PRINCIPAL--NOMBRE PERSONAL | |
| Nombre de persona | Galvis Serna, Esteban |
| 222 #0 - TÍTULO CLAVE | |
| Título clave | REVISTA COLOMBIANA DE PSICOLOGIA |
| 245 00 - MENCIÓN DE TÍTULO | |
| Título | Perspectiva cultural del desarrollo infantil en las instituciones de protección |
| 260 ## - PUBLICACIÓN, DISTRIBUCIÓN, ETC. | |
| Lugar de publicación, distribución, etc. | Bogotá, Colombia |
| 300 ## - DESCRIPCIÓN FÍSICA | |
| Extensión | 29-46 |
| 362 0# - FECHAS DE PUBLICACIÓN Y/O DESIGNACIÓN SECUENCIAL | |
| Fecha de publicación y/o designación secuencial | 2015, Vol. 24, no. 1 (ene.-jun.) |
| 336 ## - TIPO DE CONTENIDO | |
| Término de tipo de contenido | texto$2rdacontent |
| 337 ## - TIPO DE MEDIO | |
| Nombre/término del tipo de medio | computadora$2rdamedia |
| 338 ## - TIPO DE SOPORTE | |
| Nombre/término del tipo de soporte | recurso en linea$2rdacarrier |
| 520 3# - NOTA DE RESUMEN, ETC. | |
| Sumario, etc. | Tradicionalmente, el desarrollo de los niños que viven y crecen en los contextos de protección se ha entendido a partir de las perspectivas normativas de desarrollo. Esto ha llevado a que se asuma el desarrollo del niño en acogimiento residencial con la misma lógica implementada para aquellos niños criados por sus padres, lo cual conduce a un desconocimiento del contexto cultural inherente al proceso de desarrollo infantil. Reconocer la relación entre la cultura institucional y el desarrollo del niño que vive en un contexto de protección implica considerar el proceso de constitución entre el desarrollo y el trasfondo cultural. Ello exige una aproximación metodológica diferente a la tradicional |
| 653 0# - TERMINO DE INDIZACION - NO CONTROLADO | |
| Término no controlado | DESARROLLO INFANTIL |
| 653 0# - TERMINO DE INDIZACION - NO CONTROLADO | |
| Término no controlado | CULTURA INSTITUCIONAL |
| 653 0# - TERMINO DE INDIZACION - NO CONTROLADO | |
| Término no controlado | PERSPECTIVAS DE DESARROLLO |
| 856 4# - LOCALIZACIÓN Y ACCESO ELECTRÓNICOS | |
| Identificador Uniforme del Recurso | <a href="http://www.revistas.unal.edu.co/index.php/psicologia/article/view/42064/51119">http://www.revistas.unal.edu.co/index.php/psicologia/article/view/42064/51119</a> |
| 905 ## - TIPO DE MATERIAL | |
| Tipo de material | Articulo |
No items available.
